000 00828na a2200265 4500
001 24287
003 MIRAKIL
005 20181226104238.0
008 180905b tu 000 0
020 _a9759807912
035 _a14009
041 _atur
082 _a956.1023
_bC25a 2006
090 _a956.1023 C25a 2006
100 _aCanbazoğlu, Hicret Hürkan
245 _aAsker gözü ile Mustafa Kemal şah Vahdettin mat
_cHicret Hürkan Canbazoğlu ; derleyen Serhat Hürkan
260 _aAnkara
_b[yayl.y.]
_c2006
300 _aviii, 86 s.
_c20 sm.
600 _aAtatürk, Mustafa Kemal
_d1881-1938
_xYaşamöyküsü
600 _aAtatürk, Mustafa Kemal
_d1881-1938
_xOsmanlı sarayı
650 _aTarih
_xAnılar
_zTürkiye
651 _aTürkiye
_xTarih
942 _2ddc
_cBKS
040 _aMilas
_btur
_cTR-AnCHP
999 _c11962
_d11962